Vrátenie dane z úrokov pre nízkopríjmových sporiteľov
Nízkopríjmoví majitelia úspor a možnosť spätného vrátenia dane z bankových úrokov. Komu môže štát vrátiť dane zrazené bankou. Daňové priznanie fyzických osôb. Daňový úrad a pomoc s vyplnením daňového priznana. Vrátenie ročného zúčtovania daní z úrokov. Vrátenie dane v členských štátoch EÚ.
Na minha lista:
| Autor principal: | |
|---|---|
| Formato: | Capítulo de Livro |
| Idioma: | eslovaco |
| Assuntos: | |
| Tags: |
Sem tags, seja o primeiro a adicionar uma tag!
|
MARC
| LEADER | 00000naa$a2200000$$$4500 | ||
|---|---|---|---|
| 001 | 0111806 | ||
| 005 | 20240502072235.2 | ||
| 041 | 0 | |a slo | |
| 044 | |a SK | ||
| 245 | 1 | 0 | |a Vrátenie dane z úrokov |b pre nízkopríjmových sporiteľov |c Ľuboš Pavelka |
| 520 | |a Nízkopríjmoví majitelia úspor a možnosť spätného vrátenia dane z bankových úrokov. Komu môže štát vrátiť dane zrazené bankou. Daňové priznanie fyzických osôb. Daňový úrad a pomoc s vyplnením daňového priznana. Vrátenie ročného zúčtovania daní z úrokov. Vrátenie dane v členských štátoch EÚ. | ||
| 610 | 2 | 0 | |a banky |
| 610 | 2 | 0 | |a ústavy úverové |
| 610 | 2 | 0 | |a úrok |
| 610 | 2 | 0 | |a dane zrážkové |
| 610 | 2 | 0 | |a priznania daňové |
| 610 | 2 | 0 | |a obyvateľstvo |
| 610 | 2 | 0 | |a vyrovnanie daňové |
| 100 | 1 | |a Pavelka, Ľuboš, 1962- | |